40_福岡県の市町村(ひらがな対応・五十音順) - Statistics

General Stats
  • This quiz has been taken 57 times
  • The average score is 46 of 60
Answer Stats
種類 市町村名 % Correct
北九州市
100%
福岡市
100%
糸島市
98%
久留米市
98%
太宰府市
98%
飯塚市
95%
大野城市
93%
大牟田市
93%
八女市
93%
筑紫野市
90%
宗像市
90%
田川市
88%
直方市
88%
行橋市
88%
朝倉市
85%
うきは市
85%
那珂川市
85%
中間市
85%
赤村
83%
嘉麻市
83%
志免町
83%
筑後市
83%
福津市
83%
豊前市
83%
みやま市
83%
宮若市
83%
宇美町
80%
大川市
80%
春日市
80%
みやこ町
80%
柳川市
80%
新宮町
78%
粕屋町
76%
苅田町
76%
古賀市
76%
小郡市
73%
遠賀町
71%
築上町
71%
筑前町
71%
芦屋町
68%
岡垣町
68%
水巻町
68%
須恵町
66%
東峰村
66%
大木町
63%
小竹町
63%
篠栗町
63%
大刀洗町
63%
香春町
61%
桂川町
61%
上毛町
61%
添田町
61%
福智町
61%
大任町
59%
川崎町
59%
鞍手町
59%
吉富町
59%
糸田町
56%
久山町
54%
広川町
51%
No matching quizzes found
Score Distribution
Percent of People with Each Score
Percentile by Number Answered
Your Score History
You have not taken this quiz